[Event "ch-FRA Blitz Online Qual"]
[Site "Europe-Chess INT"]
[Date "2020.05.16"]
[Round "5"]
[White "Pigeat, Alexandre"]
[Black "Lauferon, Augustin"]
[Result "1-0"]
[WhiteTitle "FM"]
[WhiteElo "2293"]
[BlackElo "1865"]
[WhiteFideId "20649444"]
[BlackFideId "20655177"]
[EventDate "2020.05.16"]

1. d4 Nf6 2. c4 e6 3. Nc3 d5 4. Bg5 Be7 5. e3 O-O 6. Bxf6 Bxf6 7. cxd5 exd5 8.
Bd3 c6 9. Nge2 Be6 10. Ng3 Nd7 11. O-O Qc7 12. Rc1 Rfe8 13. f4 Nb6 14. a4 Qd6
15. Qh5 g6 16. Qf3 Bg7 17. f5 Bd7 18. Nce2 Nxa4 19. fxg6 fxg6 20. b3 Nb6 21. e4
dxe4 22. Nxe4 Bxd4+ 23. Kh1 Qd5 24. Nxd4 Qxd4 25. Qf7+ Kh8 26. Nf6 Qh4 27. Nxe8
Rxe8 28. Bc4 Rd8 29. Rce1 Nxc4 30. Re7 Nd6 31. Qg7# 1-0

[Event "ch-FRA Blitz Online Qual"]
[Site "Europe-Chess INT"]
[Date "2020.05.16"]
[Round "5"]
[White "Cavailles, Evan"]
[Black "Zachary, Matheo"]
[Result "0-1"]
[BlackTitle "FM"]
[WhiteElo "2018"]
[BlackElo "2334"]
[WhiteFideId "36048445"]
[BlackFideId "26024691"]
[EventDate "2020.05.16"]

1. e4 c5 2. Nf3 Nc6 3. d4 cxd4 4. Nxd4 e5 5. Nb5 d6 6. N1c3 a6 7. Na3 b5 8. Nd5
Nge7 9. c4 Nd4 10. Nc2 Nxd5 11. cxd5 Bg4 12. Qd3 Nxc2+ 13. Qxc2 Rc8 14. Qd3 Be7
15. h3 Bd7 16. Be3 O-O 17. Be2 f5 18. Bf3 f4 19. Bd2 Qe8 20. O-O Qg6 21. Kh2 Bd8
22. Rac1 Bb6 23. Qe2 Bd4 24. Bc3 Bxc3 25. Rxc3 Rxc3 26. bxc3 Rc8 27. Rc1 Rc4 28.
Qd1 Qe8 29. Qd3 Qc8 30. Be2 Be8 31. Qf3 Rc5 32. Qd3 Bg6 33. f3 Be8 34. c4 bxc4
35. Rxc4 Bb5 36. Rxc5 Qxc5 37. Qd2 Qf2 38. Qa5 Qxe2 39. Qd8+ Kf7 40. Qc7+ Ke8
41. Qb8+ Ke7 42. Qa7+ Bd7 43. Qb8 Qf2 44. Qg8 Qg3+ 45. Kh1 Qg6 46. Qa8 Qe8 47.
Qxa6 Qc8 48. Qa5 g5 49. a3 h5 50. Qe1 Qa6 51. Qc1 Qa7 52. Qb2 g4 53. hxg4 hxg4
54. fxg4 Bxg4 55. Qc1 Qf2 56. Qc7+ Bd7 57. Qa5 f3 58. gxf3 Qxf3+ 59. Kh2 Qxe4
60. Qd2 Qf4+ 61. Qxf4 exf4 62. Kg2 Kf6 63. Kf3 Ke5 64. a4 Bxa4 0-1

[Event "ch-FRA Blitz Online Qual"]
[Site "Europe-Chess INT"]
[Date "2020.05.16"]
[Round "5"]
[White "Hasseine, Madiane"]
[Black "Daurelle, Herve"]
[Result "1-0"]
[BlackTitle "FM"]
[WhiteElo "2157"]
[BlackElo "2205"]
[WhiteFideId "45180482"]
[BlackFideId "602655"]
[EventDate "2020.05.16"]

1. d4 Nf6 2. Nf3 e6 3. g3 c5 4. Bg2 cxd4 5. Nxd4 d5 6. O-O e5 7. Nb3 Be7 8. Bg5
Be6 9. c4 Nbd7 10. cxd5 Nxd5 11. Bxd5 Bxd5 12. Bxe7 Bxb3 13. Qxb3 Qxe7 14. Qxb7
O-O 15. Nc3 Rab8 16. Qxa7 Rxb2 17. Rab1 Rfb8 18. Rxb2 Rxb2 19. Rd1 h5 20. Qxd7
Qxd7 21. Rxd7 Rc2 22. Rc7 h4 23. gxh4 f5 24. a4 e4 25. e3 1-0

[Event "ch-FRA Blitz Online Qual"]
[Site "Europe-Chess INT"]
[Date "2020.05.16"]
[Round "5"]
[White "Daeschler, Florian"]
[Black "Joly, Fabrice"]
[Result "1-0"]
[WhiteTitle "FM"]
[WhiteElo "2322"]
[BlackElo "1957"]
[WhiteFideId "20678193"]
[BlackFideId "612235"]
[EventDate "2020.05.16"]

1. d4 Nf6 2. c4 g6 3. g3 Bg7 4. Bg2 O-O 5. Nc3 d6 6. Nf3 Nbd7 7. O-O e5 8. e4
Ne8 9. Re1 c6 10. h3 a6 11. Be3 Qc7 12. Qc2 exd4 13. Nxd4 Ne5 14. b3 Nd7 15.
Rad1 Nc5 16. b4 Ne6 17. Nxe6 Bxe6 18. c5 Rd8 19. Rd2 a5 20. a3 axb4 21. axb4
Bxc3 22. Qxc3 d5 23. exd5 Bxd5 24. Bxd5 Rxd5 25. Rxd5 cxd5 26. Bh6 f6 27. Bxf8
Kxf8 28. Qd4 Qc6 29. Rd1 Nc7 30. b5 Nxb5 31. Qxd5 Qxd5 32. Rxd5 Nc3 33. Rd7 1-0

[Event "ch-FRA Blitz Online Qual"]
[Site "Europe-Chess INT"]
[Date "2020.05.16"]
[Round "5"]
[White "Nizard, Roger"]
[Black "Meillon, Judicael"]
[Result "0-1"]
[WhiteElo "2144"]
[BlackElo "2063"]
[WhiteFideId "604569"]
[BlackFideId "36044288"]
[EventDate "2020.05.16"]

1. c4 c5 2. Nc3 Nc6 3. g3 g6 4. Bg2 Bg7 5. e3 d6 6. Nge2 Bf5 7. d3 Nb4 8. e4 Bg4
9. h3 Bxe2 10. Qxe2 Nc6 11. O-O Nf6 12. Kh2 O-O 13. f4 Nd7 14. Be3 Rb8 15. g4
Nd4 16. g5 Nxe2 17. Nxe2 Bxb2 18. Rab1 Bg7 19. h4 b5 20. cxb5 Qa5 21. h5 Rxb5
22. Rbe1 Rb2 23. Kg3 Rxa2 24. Bf3 Rb8 25. Rh1 Rbb2 26. Bg4 Nb6 27. f5 Be5+ 28.
Kf3 Rxe2 29. Rxe2 Rxe2 30. Kxe2 Qa2+ 31. Kf3 Bd4 32. hxg6 hxg6 33. Rh6 Bxe3 34.
Kxe3 Qg2 35. Kf4 Qf2+ 36. Bf3 Qd2+ 37. Kg4 gxf5+ 38. exf5 Qxd3 39. g6 Qd4+ 40.
Kh5 Qf4 41. gxf7+ Kxf7 42. Bg4 Qxh6+ 43. Kxh6 a5 44. Kg5 a4 45. Bh5+ Kf8 46. Bd1
a3 47. Bb3 c4 48. Ba2 c3 0-1

[Event "ch-FRA Blitz Online Qual"]
[Site "Europe-Chess INT"]
[Date "2020.05.16"]
[Round "5"]
[White "Lucas, Arthur"]
[Black "Vine, Thibaut"]
[Result "1-0"]
[WhiteTitle "FM"]
[WhiteElo "2283"]
[BlackElo "1837"]
[WhiteFideId "26093073"]
[BlackFideId "20654227"]
[EventDate "2020.05.16"]

1. e4 c5 2. Nc3 d6 3. d4 cxd4 4. Qxd4 a6 5. b3 Nc6 6. Qd2 Nf6 7. Bb2 e6 8. O-O-O
Be7 9. Kb1 b5 10. Bd3 Bb7 11. f4 Nd7 12. Nf3 O-O 13. g4 Nb6 14. g5 d5 15. exd5
Nxd5 16. Nxd5 Qxd5 17. Qc3 Nd4 18. Nxd4 b4 19. Qd2 Bc5 20. Rhe1 Rad8 21. Be4 Qd7
22. Qe2 Bxe4 23. Qxe4 Bxd4 24. Qxd4 Qxd4 25. Rxd4 Rxd4 26. Bxd4 Rd8 27. Be3 f6
28. gxf6 gxf6 29. Kc1 Kf7 30. Rd1 Rc8 31. Rd7+ Kg6 32. Rb7 Rc3 33. Kd2 a5 34.
Rb5 1-0

[Event "ch-FRA Blitz Online Qual"]
[Site "Europe-Chess INT"]
[Date "2020.05.16"]
[Round "5"]
[White "Zachary, Bastian"]
[Black "Chabradze, Boris"]
[Result "0-1"]
[WhiteElo "1923"]
[BlackElo "2101"]
[WhiteFideId "36019402"]
[BlackFideId "13603019"]
[EventDate "2020.05.16"]

1. d4 Nf6 2. Bf4 d6 3. Nf3 g6 4. e3 Bf5 5. Bd3 Bxd3 6. Qxd3 Bg7 7. O-O O-O 8.
Nbd2 c6 9. c3 Re8 10. e4 Nbd7 11. e5 Nh5 12. Qe3 Nxf4 13. Qxf4 dxe5 14. dxe5
Nxe5 15. Nxe5 Bxe5 16. Qxe5 Qxd2 17. b3 Qd6 18. Qe4 e5 19. Rfd1 Qe6 20. Qb4 b6
21. Rd6 c5 22. Rxe6 cxb4 23. Rxe8+ Rxe8 24. cxb4 Rd8 25. g3 Rd4 26. Re1 f6 27.
Rc1 Rd7 28. Kg2 Kf7 29. a4 Ke6 30. a5 Kd6 31. Rd1+ Kc6 32. b5+ Kc7 33. Rc1+ Kd6
34. Rc6+ Kd5 35. axb6 axb6 36. Rxb6 f5 37. Rb8 Kc5 38. b6 Kc6 39. h3 Rb7 40.
Rxb7 Kxb7 41. Kf3 Kxb6 42. Ke3 Kb5 43. Kd3 Kb4 44. Kc2 g5 45. Kb2 e4 46. Kc2 f4
47. g4 h6 48. Kb2 e3 49. fxe3 f3 0-1

[Event "ch-FRA Blitz Online Qual"]
[Site "Europe-Chess INT"]
[Date "2020.05.16"]
[Round "5"]
[White "Cahen, Alexis"]
[Black "Prevot, Rodolphe"]
[Result "1-0"]
[WhiteElo "2122"]
[BlackElo "1871"]
[WhiteFideId "26076918"]
[BlackFideId "20600755"]
[EventDate "2020.05.16"]

1. d4 Nf6 2. Nf3 c5 3. c3 d5 4. Bf4 Nc6 5. e3 e6 6. Nbd2 Bd6 7. Ne5 Qc7 8. Ndf3
Bxe5 9. Nxe5 Nxe5 10. Bxe5 Qe7 11. Bb5+ Bd7 12. Qa4 Rd8 13. O-O a6 14. Bxd7+
Qxd7 15. Qxd7+ Rxd7 16. dxc5 Ne4 17. Bd4 f6 18. f4 Kf7 19. b4 Rc8 20. a4 h5 21.
Rfd1 Re8 22. b5 e5 23. fxe5 fxe5 24. c6 bxc6 25. bxc6 Rc7 26. Bb6 Rxc6 27. a5
Nxc3 28. Rf1+ Kg8 29. Rf5 g6 30. Rf2 Ne4 31. Rb2 Rf6 32. Rd1 Rd6 33. Bc7 Rd7 34.
Rb8 Rxb8 35. Bxb8 d4 36. Bxe5 d3 37. Bd4 d2 38. Kf1 Kf7 39. Ke2 Ke6 40. Kf3 Kd5
41. h4 Rf7+ 42. Ke2 Rf2+ 43. Kd3 Rxg2 44. Bc3 Nf2+ 45. Kxd2 Nxd1+ 46. Kxd1 Ke4
47. Bd4 Kd3 48. Ke1 Rg4 49. Bf6 Kxe3 50. Kf1 Ra4 51. Bd8 Kf3 52. Ke1 Ra2 53. Bb6
Kg4 54. Bd8 g5 55. hxg5 h4 56. g6 Kh5 57. g7 Rg2 58. Bf6 Rg6 59. Ke2 h3 60. Be5
Kg4 61. Kf2 Kh4 62. Kf1 Rg2 63. Bf6+ 1-0

[Event "ch-FRA Blitz Online Qual"]
[Site "Europe-Chess INT"]
[Date "2020.05.16"]
[Round "5"]
[White "Testud, Philippe"]
[Black "Jacquot, David"]
[Result "1-0"]
[WhiteElo "2123"]
[BlackElo "1830"]
[WhiteFideId "611409"]
[BlackFideId "20624093"]
[EventDate "2020.05.16"]

1. d4 f5 2. Nf3 Nf6 3. Bf4 g6 4. e3 d6 5. c4 Bg7 6. Nc3 O-O 7. c5 Qe8 8. Bc4+
Kh8 9. h4 Nh5 10. Bh2 e5 11. dxe5 dxe5 12. Nd5 Qc6 13. Nxe5 Qxc5 14. Rc1 Na6 15.
O-O Qa5 16. Ne7 b5 17. N5xg6+ hxg6 18. Nxg6+ Kh7 19. Qxh5+ 1-0

[Event "ch-FRA Blitz Online Qual"]
[Site "Europe-Chess INT"]
[Date "2020.05.16"]
[Round "5"]
[White "Dore, Armand"]
[Black "Janzelj, Lara"]
[Result "0-1"]
[BlackTitle "WIM"]
[WhiteElo "1855"]
[BlackElo "2210"]
[WhiteFideId "680508"]
[BlackFideId "14608391"]
[EventDate "2020.05.16"]

1. Nf3 d5 2. c4 c6 3. e3 Nf6 4. d4 Bg4 5. cxd5 cxd5 6. Nc3 Nc6 7. Be2 a6 8. O-O
e6 9. Bd2 Bd6 10. a3 O-O 11. b4 Rc8 12. b5 axb5 13. Nxb5 Bb8 14. h3 Bh5 15. a4
Ne4 16. Rc1 Qf6 17. Ne1 Bxe2 18. Qxe2 e5 19. dxe5 Nxe5 20. f4 Nc4 21. Bc3 Nxc3
22. Nxc3 Rfd8 23. Nf3 Ba7 24. Nd1 Qxf4 25. Nd4 Qe5 26. Rf5 Qe7 27. Qf3 Nxe3 28.
Rxc8 Rxc8 29. Nxe3 Bxd4 0-1

[Event "ch-FRA Blitz Online Qual"]
[Site "Europe-Chess INT"]
[Date "2020.05.16"]
[Round "5"]
[White "Kovacs, Klara"]
[Black "Lapitski, Yaroslav"]
[Result "1-0"]
[WhiteTitle "WIM"]
[WhiteElo "2154"]
[BlackElo "1765"]
[WhiteFideId "733210"]
[BlackFideId "13519468"]
[EventDate "2020.05.16"]

1. Nf3 d5 2. g3 Nf6 3. Bg2 c5 4. c4 d4 5. d3 Nc6 6. e3 e5 7. exd4 cxd4 8. O-O
Be7 9. a3 O-O 10. b4 Bd6 11. c5 Bc7 12. Nbd2 a6 13. Nc4 Be6 14. Qc2 Re8 15. Bg5
h6 16. Bxf6 Qxf6 17. Rae1 Bg4 18. Nfd2 Re7 19. h3 Bf5 20. Ne4 Qg6 21. g4 Be6 22.
Ng3 Rae8 23. Re2 Bc8 24. Rfe1 Kh8 25. Qd2 Kg8 26. a4 Nd8 27. b5 axb5 28. axb5 f6
29. Bd5+ Kh8 30. b6 Bb8 31. Be4 Qf7 32. Nf5 Bxf5 33. Bxf5 Ne6 34. Bxe6 Qxe6 35.
f4 Qd5 36. fxe5 fxe5 37. g5 h5 38. Rg2 g6 39. Re4 Qxc5 40. Rf2 Qd5 41. Rf6 Kg7
42. Qf2 Rc8 43. Rxg6+ Kxg6 44. Qf6+ Kh7 45. Qxe7+ Kg6 46. Qf6+ Kh7 47. Qh6+ Kg8
48. Qg6+ Kh8 49. Qxh5+ Kg8 50. Qg6+ Kf8 51. Rh4 Rc6 52. Rh8+ Ke7 53. Qg7+ Ke6
54. Rh6+ Kf5 55. Rf6+ Rxf6 56. Qxf6# 1-0

[Event "ch-FRA Blitz Online Qual"]
[Site "Europe-Chess INT"]
[Date "2020.05.16"]
[Round "5"]
[White "Mallevaey, Guillaume"]
[Black "Trabet, Mathis"]
[Result "0-1"]
[WhiteElo "1823"]
[BlackElo "2118"]
[WhiteFideId "26026120"]
[BlackFideId "36041289"]
[EventDate "2020.05.16"]

1. c4 c5 2. g3 Nc6 3. Bg2 Nf6 4. Nc3 g6 5. e4 Bg7 6. Nge2 O-O 7. O-O d6 8. Rb1
a6 9. a3 Rb8 10. b4 cxb4 11. axb4 b5 12. c5 dxc5 13. bxc5 Nd4 14. d3 Nd7 15. c6
Nxc6 16. Nd5 e6 17. Nb4 Nxb4 18. Rxb4 Bb7 19. Be3 Ne5 20. Nc1 Rc8 21. f4 Rxc1
22. Bxc1 Nxd3 23. Rb2 0-1

[Event "ch-FRA Blitz Online Qual"]
[Site "Europe-Chess INT"]
[Date "2020.05.16"]
[Round "5"]
[White "Fournier, Loic"]
[Black "Oumer, Walid"]
[Result "1-0"]
[WhiteElo "2116"]
[BlackElo "1365"]
[WhiteFideId "36013463"]
[BlackFideId "551016630"]
[EventDate "2020.05.16"]

1. d4 Nf6 2. Nf3 d5 3. Bf4 c5 4. e3 Nc6 5. Nc3 Bf5 6. dxc5 e6 7. Nb5 Rc8 8. Nd6+
Bxd6 9. Bxd6 Ne4 10. Nd4 Nxd4 11. Qxd4 Nxd6 12. Qxg7 Rf8 13. cxd6 Qxd6 14. Bb5+
Ke7 15. Qd4 a6 16. Bd3 Bxd3 17. Qxd3 Qc5 18. c3 h6 19. O-O-O Qa5 20. Kb1 b5 21.
e4 b4 22. cxb4 Qxb4 23. exd5 exd5 24. Rhe1+ Kf6 25. Qf3+ Kg7 26. Qxd5 Qc5 27.
Qxc5 Rxc5 28. Rc1 Rfc8 29. Rxc5 Rxc5 30. Rc1 Re5 31. b3 Re2 32. Rc2 Re1+ 33. Kb2
Rg1 34. g3 Rg2 35. h4 h5 36. a4 a5 37. Kc3 Kf6 38. Kc4 Ke5 39. Kb5 Rg1 40. Kxa5
Rb1 41. b4 Kd5 42. b5 Kd6 43. b6 f5 44. Ka6 f4 45. b7 fxg3 46. fxg3 Rxb7 47.
Kxb7 1-0

[Event "ch-FRA Blitz Online Qual"]
[Site "Europe-Chess INT"]
[Date "2020.05.16"]
[Round "5"]
[White "Djidjeli, Sofiane"]
[Black "Ngomane, Max"]
[Result "1-0"]
[WhiteElo "2209"]
[BlackElo "1278"]
[WhiteFideId "36067520"]
[BlackFideId "651049791"]
[EventDate "2020.05.16"]

1. e4 c5 2. Nf3 e6 3. b3 a6 4. Bb2 Nc6 5. c4 e5 6. Nxe5 Qf6 7. Nd3 Nd4 8. Nc3 b6
9. Nd5 Qd6 10. Bxd4 cxd4 11. Qf3 Nf6 12. Nxf6+ Qxf6 13. Qxf6 gxf6 14. Nf4 Bh6
15. Nd5 O-O 16. Nxf6+ Kh8 17. Ng4 Bg7 18. d3 d5 19. f3 dxe4 20. dxe4 Bxg4 21.
fxg4 Rfe8 22. Bd3 Rab8 23. Rf1 Kg8 24. Rf5 Re5 25. Ke2 Rxf5 26. gxf5 Be5 27. Kf3
f6 28. h3 Kf7 29. Rc1 Rg8 30. g4 h5 31. c5 hxg4+ 32. hxg4 bxc5 33. Rxc5 Rh8 34.
Bf1 Rh1 35. Bg2 Ra1 36. Ra5 d3 37. Rd5 Rd1 38. Ke3 Ra1 39. Rxd3 Rxa2 40. Bf3 Rh2
41. Rd7+ Ke8 42. Ra7 Rh3 43. Rxa6 Kf7 44. Ra7+ Ke8 45. Rb7 Bd6 46. b4 1-0

[Event "ch-FRA Blitz Online Qual"]
[Site "Europe-Chess INT"]
[Date "2020.05.16"]
[Round "5"]
[White "Bellahcene, Sofia"]
[Black "Schweitzer, Adrien"]
[Result "1/2-1/2"]
[WhiteElo "1948"]
[BlackElo "2086"]
[WhiteFideId "26075954"]
[BlackFideId "628220"]
[EventDate "2020.05.16"]

1. e4 e5 2. Bc4 Nf6 3. d3 Bc5 4. Nc3 d6 5. f4 c6 6. Nf3 b5 7. Bb3 Nbd7 8. fxe5
dxe5 9. Qe2 Qb6 10. h3 a5 11. a4 b4 12. Nd1 O-O 13. Be3 Bxe3 14. Nxe3 Nc5 15.
Bc4 Qc7 16. b3 Be6 17. Bxe6 Nxe6 18. Nc4 Nf4 19. Qf2 Ng6 20. O-O Nh5 21. Rad1
Nhf4 22. Nfxe5 Nxh3+ 23. gxh3 Nxe5 24. Nxe5 Qxe5 25. Qf4 Qc5+ 26. Qf2 Qc3 27.
Qd2 Qd4+ 28. Qf2 Qd6 29. Qf4 Qc5+ 30. Qf2 Qc3 31. Qd2 Qe5 32. Qf4 Qh5 33. Kh2
Qc5 34. Qf2 Qd6+ 35. Qg3 Qc5 36. Qf2 Qd6+ 37. Kg2 Rae8 38. Qf3 Re5 39. Qf4 Qg6+
40. Kh2 Rg5 41. Rg1 f6 42. Rdf1 h6 43. Rxg5 hxg5 44. Qf5 Qh5 45. Qg4 Qg6 46. Rf5
Ra8 47. Rc5 Qe8 48. Qf5 Qb8+ 49. Kg2 Qc7 50. Qe6+ Kh7 51. Rxc6 Qf4 52. Qf5+ Qxf5
53. exf5 Kh6 54. Rc5 Kh5 55. Kf3 Kh4 56. Kg2 Re8 57. Rc4+ Kh5 58. Kf2 Re5 59.
Kg3 Rxf5 60. d4 Rd5 61. Kf3 f5 62. Ke3 g4 63. hxg4+ Kxg4 64. Rc5 Rd8 65. Rxa5
Re8+ 66. Kf2 Rc8 67. Rc5 Rd8 68. d5 f4 69. a5 g5 70. a6 Kh3 71. Kf3 Rf8 72. a7
g4+ 73. Kf2 f3 74. d6 g3+ 75. Kf1 g2+ 76. Kf2 Kg4 77. Rc4+ Kf5 78. Rc5+ Ke6 79.
Ra5 Ra8 80. Ra6 Kd7 81. Ra1 Kxd6 82. Kxf3 Rxa7 83. Rd1+ Kc5 84. Kxg2 Re7 85. Kf3
Re6 86. Rd3 Re7 87. Kf2 Re6 88. Re3 Rd6 89. Ke2 Rh6 90. Kd3 Rh4 91. Re5+ Kb6 92.
Re4 Rh3+ 93. Kc4 Rh2 94. Re6+ Kb7 95. Kxb4 Rxc2 96. Kb5 Rh2 97. Re7+ Kb8 98. b4
Rh5+ 99. Ka6 Rh6+ 100. Ka5 Rh1 101. b5 Rh6 102. Rg7 Rf6 103. Re7 Rh6 104. b6 Rh1
105. Re8+ Kb7 106. Re7+ Kb8 107. Kb5 Rb1+ 108. Kc6 Rc1+ 109. Kb5 Rb1+ 110. Ka5
Ra1+ 111. Kb4 Rb1+ 112. Kc5 Rc1+ 113. Kb5 Rb1+ 1/2-1/2

[Event "ch-FRA Blitz Online Qual"]
[Site "Europe-Chess INT"]
[Date "2020.05.16"]
[Round "5"]
[White "Courjal, Pauline"]
[Black "Richard, Emma"]
[Result "0-1"]
[BlackTitle "WFM"]
[WhiteElo "1848"]
[BlackElo "2160"]
[WhiteFideId "45147841"]
[BlackFideId "657590"]
[EventDate "2020.05.16"]

1. e4 c5 2. Nf3 Nc6 3. c3 d6 4. d4 Nf6 5. Bd3 e5 6. dxe5 dxe5 7. O-O Be7 8. Bg5
O-O 9. Nbd2 Qc7 10. Bc2 Bg4 11. h3 Bh5 12. Ba4 Rad8 13. Qc2 h6 14. Bh4 Bg6 15.
Bg3 Nd7 16. Nc4 Bf6 17. Bxc6 Qxc6 18. Rfe1 Rfe8 19. Rad1 b5 20. Ncxe5 Nxe5 21.
Nxe5 Rxd1 22. Nxc6 Rxe1+ 23. Kh2 Bxe4 24. Ne7+ Rxe7 25. Qd2 Bb7 26. Qd6 Be5 27.
Qd8+ Kh7 28. Bxe5 R1xe5 29. Qb8 a6 30. a3 Re2 31. Kg3 h5 32. h4 Rxb2 33. Qd8
Rbe2 34. Qb8 R2e6 35. Qd8 Rg6+ 36. Kh3 Rge6 37. Qd3+ g6 38. Qd2 Kg7 39. Qg5 Bc8
40. Qxc5 Re5+ 41. Qxc8 R5e6 42. Qc5 Re5 43. Qd4 Kh7 44. f4 Re3+ 45. g3 Re1 46.
Qb6 R7e2 47. Qc6 Re3 48. Qd5 Kg7 49. Qd4+ Kh7 50. Qd5 Re6 51. Qd7 Re7 52. Qd5
R1e3 53. Qb3 Re2 54. Qd5 Kg7 55. Qd4+ Kg8 56. Qd8+ Re8 57. Qd5 Rc2 58. Qd4 Ree2
59. Qd8+ Kh7 60. g4 Rh2+ 61. Kg3 Rhg2+ 62. Kf3 hxg4+ 63. Ke3 Rce2+ 64. Kd4 Rd2+
65. Kc5 Rxd8 66. Kb6 Rd6+ 67. Ka5 g3 68. c4 bxc4 69. a4 c3 70. f5 c2 71. fxg6+
Kxg6 72. h5+ Kf6 73. h6 c1=Q 74. h7 Qc3# 0-1

[Event "ch-FRA Blitz Online Qual"]
[Site "Europe-Chess INT"]
[Date "2020.05.16"]
[Round "5"]
[White "Rasolo, Loick"]
[Black "Ciccoli, Theo"]
[Result "1-0"]
[WhiteElo "1951"]
[BlackElo "2178"]
[WhiteFideId "36004049"]
[BlackFideId "26053780"]
[EventDate "2020.05.16"]

1. e4 c5 2. Nc3 Nc6 3. Bb5 Nd4 4. Nf3 Nxb5 5. Nxb5 a6 6. Nc3 d6 7. d4 cxd4 8.
Qxd4 Nf6 9. e5 Nd7 10. exd6 exd6 11. O-O Qf6 12. Re1+ Be7 13. Nd5 Qxd4 14. Nxd4
Ne5 15. Nc7+ Kd8 16. Nxa8 b5 17. f4 Ng6 18. Nc6+ Kd7 19. Nxe7 Nxe7 20. Nb6+ 1-0

[Event "ch-FRA Blitz Online Qual"]
[Site "Europe-Chess INT"]
[Date "2020.05.16"]
[Round "5"]
[White "Ghazaryan, Gurgen"]
[Black "Van Hoolandt, Patrick"]
[Result "1-0"]
[BlackTitle "FM"]
[WhiteElo "1403"]
[BlackElo "2063"]
[WhiteFideId "45137609"]
[BlackFideId "200999"]
[EventDate "2020.05.16"]

1. e4 e5 2. Nf3 Nc6 3. Bb5 Nf6 4. O-O Nxe4 5. d4 Nd6 6. Bxc6 dxc6 7. dxe5 Nf5 8.
Qxd8+ Kxd8 9. Nc3 Ke8 10. Bg5 h6 11. Bf4 Be6 12. Rad1 Be7 13. Rd2 Bb4 14. Rfd1
g5 15. Bg3 Ke7 16. Nd4 Bxc3 17. bxc3 Rhd8 18. Nxe6 Rxd2 19. Rxd2 Kxe6 20. f4
gxf4 21. Bxf4 h5 22. Kf2 a5 23. h3 Rg8 24. a4 h4 25. Kf3 Ng3 26. Rd1 b6 27. c4
c5 28. c3 Nf5 29. Rd5 Ne7 30. Rd2 Nc6 31. g4 hxg3 32. Bxg3 Nxe5+ 33. Bxe5 Kxe5
34. Rd5+ Ke6 35. Rh5 Rg1 36. Ke4 Re1+ 37. Kd3 Ra1 38. Rh6+ Ke7 39. Rc6 Kd7 40.
Rf6 Rxa4 41. Rxf7+ Kd6 42. Kc2 Ra2+ 43. Kb3 Rh2 44. Rh7 Kc6 45. h4 Kb7 46. h5
Ka6 47. Rh6 c6 48. Ka3 Rc2 49. Kb3 Rh2 50. Ka3 Rh3 51. Kb3 Rh4 52. Rh8 a4+ 53.
Kxa4 Rxc4+ 54. Kb3 Rh4 55. h6 Kb5 56. h7 c4+ 57. Ka3 Rh3 58. Kb2 c5 59. Kc2 Rh2+
60. Kb1 Ka4 61. Ra8+ Kb3 62. h8=Q Rb2+ 63. Ka1 Rc2 64. Qh1 Kxc3 65. Qe1+ Kb3 66.
Qd1 b5 67. Ra2 Kb4 68. Qxc2 1-0

[Event "ch-FRA Blitz Online Qual"]
[Site "Europe-Chess INT"]
[Date "2020.05.16"]
[Round "5"]
[White "Djidjeli, Sarah"]
[Black "Negre, Emilie"]
[Result "1-0"]
[WhiteElo "2074"]
[BlackElo "1438"]
[WhiteFideId "36067474"]
[BlackFideId "45187223"]
[EventDate "2020.05.16"]

1. e4 e5 2. Nf3 Nc6 3. Bc4 Bc5 4. c3 Nf6 5. d3 d6 6. O-O Ne7 7. d4 exd4 8. cxd4
Bb6 9. Nc3 Ng6 10. Bg5 h6 11. Be3 O-O 12. h3 c6 13. Qb3 Nxe4 14. Nxe4 d5 15. Bd3
dxe4 16. Bxe4 Ne7 17. Bc2 Be6 18. Qc3 Nd5 19. Qd3 f5 20. Rfe1 Nb4 21. Qd2 Nxc2
22. Qxc2 Bd5 23. Ne5 Be4 24. Qc4+ Bd5 25. Qd3 Be4 26. Qd2 f4 27. Bxf4 Ba5 28.
Qe3 Bxe1 29. Qxe4 Ba5 30. Rd1 Re8 31. Bxh6 gxh6 32. Qg6+ Kh8 33. Qxh6+ Kg8 34.
Qg6+ Kh8 35. Nf7# 1-0

[Event "ch-FRA Blitz Online Qual"]
[Site "Europe-Chess INT"]
[Date "2020.05.16"]
[Round "5"]
[White "Boumrar, Ayrad"]
[Black "Viennois, Romain"]
[Result "1-0"]
[WhiteElo "1431"]
[BlackElo "1981"]
[WhiteFideId "45182310"]
[BlackFideId "634204"]
[EventDate "2020.05.16"]

1. d4 d5 2. c4 c6 3. Nf3 Nf6 4. Nc3 e6 5. Bg5 dxc4 6. e4 b5 7. e5 h6 8. Bxf6
gxf6 9. a4 Bb4 10. Be2 Bb7 11. O-O a6 12. axb5 cxb5 13. Qc2 Nc6 14. Ne4 Nxd4 15.
Nxf6+ Kf8 16. Nxd4 Qxd4 17. Rad1 Qxe5 18. Nd7+ Kg7 19. Nxe5 1-0

[Event "ch-FRA Blitz Online Qual"]
[Site "Europe-Chess INT"]
[Date "2020.05.16"]
[Round "5"]
[White "Herbin, Alexandre"]
[Black "Vaisser, Anatoly"]
[Result "0-1"]
[BlackTitle "GM"]
[WhiteElo "1869"]
[BlackElo "2504"]
[WhiteFideId "36047783"]
[BlackFideId "603252"]
[EventDate "2020.05.16"]

1. e4 c5 2. Nf3 Nc6 3. d4 cxd4 4. Nxd4 e5 5. Nb5 d6 6. N1c3 a6 7. Na3 b5 8. Nd5
Nf6 9. Bg5 Be7 10. Bxf6 Bxf6 11. c4 b4 12. Nc2 a5 13. g3 Bg5 14. Bg2 O-O 15. O-O
Rb8 16. b3 Be6 17. f4 exf4 18. gxf4 Bh6 19. f5 Bxd5 20. Qxd5 Qb6+ 21. Kh1 Ne5
22. Rad1 Rfd8 23. h3 Rbc8 24. Nd4 Rc5 25. Qxf7+ Kxf7 26. Ne6 Rdc8 27. Nxc5 Rxc5 0-1

[Event "ch-FRA Blitz Online Qual"]
[Site "Europe-Chess INT"]
[Date "2020.05.16"]
[Round "5"]
[White "Calistri, Tristan"]
[Black "Flores, Victor"]
[Result "1-0"]
[WhiteTitle "IM"]
[WhiteElo "2288"]
[BlackElo "1741"]
[WhiteFideId "607843"]
[BlackFideId "45133492"]
[EventDate "2020.05.16"]

1. e4 c5 2. Nf3 g6 3. d4 cxd4 4. Nxd4 Nc6 5. Nc3 Bg7 6. Be3 Nf6 7. Bc4 Qa5 8.
O-O O-O 9. Bb3 d6 10. h3 Bd7 11. Re1 Rfc8 12. Qd3 Ne5 13. Qe2 a6 14. f4 Nc6 15.
Rad1 b5 16. Nd5 Qd8 17. Qf3 Nxd5 18. exd5 Na5 19. c3 Nc4 20. Bc1 Ra7 21. Qe2 Be8
22. a4 Rac7 23. axb5 axb5 24. Kh1 Qd7 25. Nc6 Rxc6 26. dxc6 Qxc6 27. Qxe7 Bf8
28. Qe2 d5 29. Qd3 Qf6 30. Qxd5 Bc6 31. Qg5 Qg7 32. Bxc4 bxc4 33. f5 Ba4 34. Rd4
Bb3 35. fxg6 Qxg6 36. Qxg6+ hxg6 37. Bg5 Bc5 38. Rd5 Bf2 39. Rf1 Bg3 40. Bf6 Re8
41. Rfd1 Kh7 42. Rf1 Bc2 43. Rd4 Bd3 44. Rd5 Re2 45. Rd8 1-0